Score 0/21 Timer 02:00
4 Plays Today
% Correct
Mexico
92%
Cuba
91.4%
Panama
89.8%
Colombia
87.6%
Dominican Republic
87.2%
Jamaica
86.9%
Haiti
86.5%
Venezuela
84.7%
Belize
82.7%
Costa Rica
78.8%
Nicaragua
77.6%
% Correct
Honduras
77.4%
Guatemala
76%
Trinidad and Tobago
71.5%
Saint Vincent and the Grenadines
59.3%
Barbados
58.4%
Saint Lucia
55.8%
Antigua and Barbuda
55.1%
Dominica
51.9%
Grenada
51%
Saint Kitts and Nevis
46.9%
Remove Ads.
Support Sporcle.
Get the best of Sporcle when you Go Orange. This ad-free experience offers more features, more stats, and more fun while also helping to support Sporcle. Thank you for becoming a member.

You're not logged in!

Compare scores with friends on all Sporcle quizzes.
OR
Log In

Sporcle TV

Today on Sporcle TV


Watch our educational content, quiz creation guides, and fun videos on Sporcle TV.

Show Comments

Extras

Top Quizzes Today


Score Distribution

Paid Content

Your Account Isn't Verified!

In order to create a playlist on Sporcle, you need to verify the email address you used during registration. Go to your Sporcle Settings to finish the process.

Report this User

Report this user for behavior that violates our Community Guidelines.

Details: